| 000 | 00917nam a2200229 a 4500 | ||
|---|---|---|---|
| 001 | 71582 | ||
| 003 | BD-RjUL | ||
| 005 | 20240918135147.0 | ||
| 008 | 170506s19661959ii |||| |||| 000 0 ben d | ||
| 020 | _c: Tk. 10.00 | ||
| 035 | _a(BD-RjUL)71798 | ||
| 040 |
_aBD-RjUL _bben _cBD-RjUL _dBD-RjUL |
||
| 041 | _aben | ||
| 082 |
_223 _a891.4408 _bDAM 1966 |
||
| 100 | 1 |
_aদত্ত, মাইকেল মধুসূদন _9211813 |
|
| 245 | 1 | 0 |
_aমাইকেল-রচনাসম্ভার / _cমাইকেল মধুসূদন দত্ত |
| 260 |
_aকলিকাতা : _bমিত্র এ্যাণড ঘোষ, _c১৯৫৯, [পুনঃ মুদ্রিত ১৯৬৬] |
||
| 300 |
_a৫৬৫ পৃ. ; _c২৬ সেমি. |
||
| 650 |
_aবাংলা সাহিত্য _xসংগ্রহ _9122902 |
||
| 650 |
_aBengali Literature _xCollected work _9148350 |
||
| 942 |
_2ddc _cBK |
||
| 999 |
_c71582 _d71582 |
||